000 00390nam a2200145Ia 4500
008 210430s9999 xx 000 0 und d
020 _a0-13-845255-5
082 _a519.5 L655S
100 _aRichard I. Levin
_954642
245 _aStatistics for Management /
_cRichard I. Levin
250 _a2nd edition
260 _aNew Jersey
_bPrentice Hall
_c1981
300 _a792
942 _cBK
_2ddc
999 _c565281
_d565281